00279nam a2200109 a 4500008004100000050001800041100001800059245003400077260002800111300002100139350000900160120416s1965 ||||||||||||||||| || u aTS 156.E8 Hui aHuitson, Alan10aEssentials of quality control aLondonbHeinemannc1965 axi, 128p. : ill. a0.00